[Event "EU-ch Amateur U2000"]
[Site "Zagreb"]
[Date "2022.08.19"]
[Round "7"]
[White "Javorek, David"]
[Black "Ljubic, Luka"]
[Result "1-0"]
[WhiteElo "1834"]
[BlackElo "1858"]
[PlyCount "65"]
[EventDate "2022.08.14"]
[EventType "swiss"]
[EventRounds "9"]
[EventCountry "CRO"]
[SourceTitle "CBM 210 Extra"]
[Source "ChessBase"]
[SourceDate "2022.11.30"]
[SourceVersion "1"]
[SourceVersionDate "2022.11.30"]
[SourceQuality "1"]

1. d4 Nf6 2. c4 e6 3. Nc3 Bb4 4. Qc2 0-0 5. e4 d5 6. e5 Ne4 7. Bd3 c5 8. Nf3 cxd4 9. Nxd4 Nd7 10. Bf4 Ndc5 11. 0-0 Bxc3 12. bxc3 Bd7 13. Be2 Ba4 14. Qb2 Bc6 15. f3 Na4 16. Qc2 Nexc3 17. Bd3 g6 18. Nxc6 bxc6 19. Bd2 dxc4 20. Be4 Nxe4 21. fxe4 Qd4+ 22. Kh1 Nc5 23. Rad1 Qxe4 24. Qc3 Rfd8 25. Qa5 Nd3 26. Qc7 Qd4 27. Qxf7+ Kh8 28. Bg5 Nf2+ 29. Rxf2 Qxd1+ 30. Rf1 Qxf1+ 31. Qxf1 Rf8 32. Qxc4 Rab8 33. h3 1-0

[Event "EU-ch Amateur U2000"]
[Site "Zagreb"]
[Date "2022.08.14"]
[Round "1"]
[White "Muha, Magdalena"]
[Black "Ljubic, Luka"]
[Result "1-0"]
[WhiteElo "1669"]
[BlackElo "1858"]
[PlyCount "75"]
[EventDate "2022.08.14"]
[EventType "swiss"]
[EventRounds "9"]
[EventCountry "CRO"]
[SourceTitle "CBM 210 Extra"]
[Source "ChessBase"]
[SourceDate "2022.11.30"]
[SourceVersion "1"]
[SourceVersionDate "2022.11.30"]
[SourceQuality "1"]

1. d4 Nf6 2. c4 e6 3. Nf3 d5 4. g3 Bb4+ 5. Bd2 Be7 6. Bg2 0-0 7. 0-0 c6 8. Qb3 Nbd7 9. Rc1 Nb6 10. Ba5 dxc4 11. Rxc4 Qd5 12. Bxb6 axb6 13. Ne5 Qd8 14. Nd2 Ra5 15. Ndf3 Nd5 16. Rd1 b5 17. Rcc1 Qb6 18. e4 Nf6 19. Nc4 Qa6 20. Nxa5 Qxa5 21. Ne5 Rd8 22. a3 h6 23. h4 Qa7 24. d5 Qb8 25. f4 exd5 26. exd5 Nxd5 27. Bxd5 cxd5 28. Rxd5 Be6 29. Rxd8+ Qxd8 30. Qd3 Qb6+ 31. Kg2 Bf6 32. Nd7 Bc4 33. Qxc4 Qe3 34. Nxf6+ gxf6 35. Qc8+ Kh7 36. Qf5+ Kg7 37. Qg4+ Kh7 38. Rc8 1-0

[Event "CRO-ch U17/19"]
[Site "Split"]
[Date "2022.07.25"]
[Round "1"]
[White "Ljubicic, Mario"]
[Black "Ljubic, Luka"]
[Result "1/2-1/2"]
[WhiteElo "2020"]
[BlackElo "1768"]
[PlyCount "94"]
[EventDate "2022.07.25"]
[EventType "swiss"]
[EventRounds "9"]
[EventCountry "CRO"]
[SourceTitle "EXT 2023"]
[Source "ChessBase"]
[SourceDate "2022.10.05"]
[SourceVersion "1"]
[SourceVersionDate "2022.10.05"]
[SourceQuality "1"]

1. e4 c5 2. Nf3 Nc6 3. d3 g6 4. g3 Bg7 5. Bg2 d6 6. 0-0 e5 7. c3 Nge7 8. a3 0-0 9. b4 a6 10. bxc5 dxc5 11. Be3 Qa5 12. Nfd2 Be6 13. Nb3 Bxb3 14. Qxb3 Rfd8 15. Rd1 Rac8 16. Bh3 Rb8 17. a4 b5 18. Bxc5 bxa4 19. Qc4 Qb5 20. Rxa4 Qxc4 21. Rxc4 Bf8 22. Bxe7 Nxe7 23. Ra4 Rb6 24. d4 f5 25. f3 exd4 26. cxd4 Nc6 27. d5 Bc5+ 28. Kh1 fxe4 29. Be6+ Kg7 30. fxe4 Nd4 31. Bh3 Rb2 32. Nc3 Nf3 33. Bg2 Ne5 34. h3 Rc2 35. Na2 Rf8 36. Rf1 Rxf1+ 37. Bxf1 Rf2 38. Bg2 Re2 39. Rxa6 Re1+ 40. Kh2 Bg1+ 41. Kh1 Be3+ 42. Kh2 Re2 43. h4 Ng4+ 44. Kh3 Nf2+ 45. Kh2 Ng4+ 46. Kh3 Nf2+ 47. Kh2 Ng4+ 1/2-1/2

[Event "St Veit op 41st"]
[Site "St Veit"]
[Date "2022.07.12"]
[Round "5"]
[White "Ljubic, Luka"]
[Black "Hoffmann, Sebastian1111"]
[Result "0-1"]
[WhiteElo "1768"]
[BlackElo "2148"]
[PlyCount "66"]
[EventDate "2022.07.09"]
[EventType "swiss"]
[EventRounds "9"]
[EventCountry "AUT"]
[SourceTitle "CBM 209 Extra"]
[Source "ChessBase"]
[SourceDate "2022.09.30"]
[SourceVersion "1"]
[SourceVersionDate "2022.09.30"]
[SourceQuality "1"]

1. d4 d5 2. c4 e6 3. Nf3 Nf6 4. g3 c5 5. cxd5 exd5 6. Bg2 Nc6 7. 0-0 c4 8. Nc3 Bb4 9. Bg5 Bxc3 10. bxc3 Bf5 11. Nd2 Qa5 12. Bxf6 gxf6 13. e4 Bxe4 14. Bxe4 dxe4 15. Nxe4 0-0-0 16. Qf3 Qd5 17. Qf4 f5 18. Nc5 Rhg8 19. h3 h5 20. Rab1 b6 21. Na6 Kb7 22. Nb4 Nxb4 23. Rxb4 Rde8 24. a4 a6 25. Qh6 Rg6 26. Qxh5 Qe4 27. Rfb1 f4 28. g4 Ree6 29. Qh4 f3 30. Rf1 f5 31. Kh1 Rh6 32. Qg3 f4 33. Qh2 Qh7 0-1

[Event "CRO-chT U16 29th"]
[Site "Sesvete"]
[Date "2020.06.20"]
[Round "2.2"]
[White "Martic, Ivan2222"]
[Black "Ljubic, Luka"]
[Result "0-1"]
[WhiteElo "1261"]
[BlackElo "1530"]
[PlyCount "48"]
[EventDate "2020.06.20"]
[EventType "team-tourn"]
[EventRounds "9"]
[EventCountry "CRO"]
[SourceTitle "EXT 2021"]
[Source "ChessBase"]
[SourceDate "2020.10.23"]
[SourceVersion "1"]
[SourceVersionDate "2020.10.23"]
[SourceQuality "1"]
[WhiteTeam "Krizevci"]
[BlackTeam "Sveta Nedelja"]
[WhiteTeamCountry "CRO"]
[BlackTeamCountry "CRO"]

1. d4 Nf6 2. Bf4 g6 3. Nf3 Bg7 4. e3 0-0 5. c3 d6 6. h3 b6 7. Be2 Bb7 8. 0-0 c5 9. Nbd2 Nbd7 10. Re1 Rc8 11. Rc1 h6 12. Bd3 Nh5 13. Bh2 e5 14. dxe5 dxe5 15. Bc4 e4 16. g4 exf3 17. gxh5 Qh4 18. hxg6 Qxh3 19. gxf7+ Rxf7 20. Bf1 Qg4+ 21. Kh1 Be5 22. Nc4 Bxh2 23. Kxh2 Rf5 24. Bh3 Rh5 0-1